Wszyscy Bohaterowie League Of Legends - Statystyki

Ogólne statystyki
  • Ten quiz został rozwiązany 811 razy
    481 od ostatniego zresetowania
  • Średni wynik to 95 z 152
Statystyki odpowiedzi
Bohaterowie % Poprawnych
Yasuo
89%
Aatrox
88%
Akali
88%
Darius
87%
Yone
84%
Ahri
83%
Ashe
83%
Vi
83%
Annie
82%
Garen
82%
Zed
81%
Anivia
80%
Brand
80%
Caitlyn
79%
Amumu
78%
Blitzcrank
78%
Jinx
78%
Lux
78%
Katarina
76%
Warwick
76%
Lulu
75%
Alistar
73%
Bard
73%
Draven
73%
Teemo
73%
Braum
72%
Ezreal
72%
Master Yi
72%
Kai'Sa
71%
Leona
71%
Lucian
71%
Miss Fortune
71%
Aurelion Sol
70%
Morgana
70%
Kha'Zix
69%
Lee Sin
69%
Azir
68%
Irelia
68%
Nasus
68%
Jhin
67%
Malphite
67%
Senna
67%
Tristana
67%
Volibear
67%
Mordekaiser
66%
Nautilus
66%
Samira
66%
Thresh
66%
Xerath
66%
Yuumi
66%
Aphelios
65%
Camille
65%
Kayn
65%
Nunu i Willump
65%
Renekton
65%
Sylas
65%
Vayne
65%
Xayah
65%
Cho'Gath
64%
Diana
64%
Rakan
64%
Soraka
64%
Ekko
63%
Rengar
63%
Evelynn
62%
Fiora
62%
Gragas
62%
Hecarim
62%
Jax
62%
Kalista
62%
Kassadin
62%
Pantheon
62%
Seraphine
62%
Olaf
61%
Ornn
61%
Pyke
61%
Sett
61%
Zac
61%
Gangplank
60%
Graves
60%
Zyra
60%
Corki
59%
Dr Mundo
59%
Fizz
59%
Heimerdinger
59%
Ivern
59%
Twisted Fate
59%
Vel'Koz
59%
Illaoi
58%
Jarvan IV
58%
Sion
58%
Swain
58%
Urgot
58%
Veigar
58%
Xin Zhao
58%
Yorick
58%
Zilean
58%
Janna
57%
Karthus
57%
Lissandra
57%
Nami
57%
Rek'Sai
57%
Tryndamere
57%
Udyr
57%
Ziggs
57%
Galio
56%
Gnar
56%
Karma
56%
Kayle
56%
Malzahar
56%
Orianna
56%
Shen
56%
Varus
56%
Elise
55%
Fiddlesticks
55%
Riven
55%
Sejuani
55%
Singed
55%
Sivir
55%
Twitch
55%
Viktor
55%
Zoe
55%
Jayce
54%
Maokai
54%
Rammus
54%
Syndra
54%
Kennen
53%
Kog'Maw
53%
Nidalee
53%
Poppy
53%
Talon
53%
Rumble
52%
Ryze
52%
Taric
52%
Cassiopeia
51%
Kindred
51%
Sona
51%
Trundle
51%
Wukong
51%
Quinn
50%
Neeko
48%
Nocturne
48%
LeBlanc
47%
Shaco
47%
Skarner
47%
Tahm Kench
47%
Vladimir
47%
Lillia
46%
Kled
44%
Qiyana
43%
Shyvana
43%
Taliyah
43%
Nie znaleziono quizów pasujących do podanych kryteriów
Rozkład punktacji
Procent ludzi z każdym wynikiem
Percentyl według liczby udzielonych odpowiedzi
Twoja historia wyników
Nie rozwiązałeś tego quizu od ostatniego zresetowania